Album pensées et maximes autographiques sur la reforme penitentiaire recueilles a l'occasion di Congrés de Rome / (Record no. 46660)
[ view plain ]
| 000 -LEADER | |
|---|---|
| campo de control de longitud fija | 00674nam a2200169 i 4500 |
| 001 - NÚMERO DE CONTROL | |
| campo de control | 46660 |
| 003 - IDENTIFICADOR DE NÚMERO DE CONTROL | |
| campo de control | ES-MaACL |
| 005 - FECHA Y HORA DE LA ÚLTIMA TRANSACCIÓN | |
| campo de control | 20230906161426.0 |
| 007 - CAMPO FIJO DE DESCRIPCIÓN FÍSICA--INFORMACIÓN GENERAL | |
| campo de control de longitud fija | t| |
| 008 - DATOS DE LONGITUD FIJA--INFORMACIÓN GENERAL | |
| campo de control de longitud fija | 030331s1885 it |||| | fre d |
| 111 2# - ENTRADA PRINCIPAL--NOMBRE DE CONGRESO/REUNIÓN | |
| Nombre de congreso/reunión o jurisdicción como elemento de entrada | Congreso Penitenciario Internacional ( |
| Fecha del congreso o de la firma del tratado | 1885. |
| Sede del congreso/Lugar de la reunión | Roma) |
| 9 (RLIN) | 167043 |
| 245 10 - MENCIÓN DEL TÍTULO | |
| Título | Album pensées et maximes autographiques sur la reforme penitentiaire recueilles a l'occasion di Congrés de Rome / |
| Mención de responsabilidad, etc. | Congrés Penitentiaire International. |
| 260 ## - PUBLICACIÓN, DISTRIBUCIÓN, ETC. | |
| Lugar de publicación, distribución, etc. | Roma : |
| Nombre del editor, distribuidor, etc. | [s.n., |
| Fecha de publicación, distribución, etc. | 1885] ( |
| Fabricante | Imp. Forrain et Cie) |
| 300 ## - DESCRIPCIÓN FÍSICA | |
| Extensión | 311 p. ; |
| Dimensiones | 24 cm. |
| 650 #4 - PUNTO DE ACCESO ADICIONAL DE MATERIA--TÉRMINO DE MATERIA | |
| Término de materia o nombre geográfico como elemento de entrada | Establecimientos penitenciarios- |
| Subdivisión de forma | Congresos y asambleas. |
| 9 (RLIN) | 163123 |
| 852 ## - LOCALIZACIÓN | |
| Ubicación | ES-MaACL |
| Número de control de estantería | D-98 |
| Nota libre | . - Donativo Lastres |
| Estatus retirado | Estado de pérdida | Estado de daño | No para préstamo | Colección | Biblioteca de origen | Biblioteca actual | Ubicación en estantería | Fecha de adquisición | Fuente de adquisición | Total de préstamos | Signatura topográfica completa | Código de barras | Visto por última vez | Precio de reemplazo | Tipo de ítem Koha |
|---|---|---|---|---|---|---|---|---|---|---|---|---|---|---|---|
| Libros del s. XIX | Biblioteca del Ateneo de Madrid | Biblioteca del Ateneo de Madrid | Sala Valle Inclán | 17/01/2008 | D-98 | 901049076 | 23/02/2023 | 23/02/2023 | Libro impreso antiguo |
